| 000 | 00862nam a2200229Ia 4500 | ||
|---|---|---|---|
| 001 | 15672 | ||
| 003 | GE_BSU | ||
| 008 | 181216s||||||||xx |||||||||||||| ||und|| | ||
| 040 | _cGE_BSU | ||
| 080 | _a821.353.1(ჰაგიოგრაფია)+ 821.353.1-97 | ||
| 100 | _aი.ხუცესი | ||
| 245 | _aწამებაი წმიდისა შუშანიკისი დედოფლისაი | ||
| 245 | _bმოთხრობა | ||
| 245 | _cრედ.ა.ბრეგვაძე.მხ.კ.ფაჩულია | ||
| 260 | _aთბილისი | ||
| 260 | _bნაკადული | ||
| 260 | _c1979 | ||
| 300 | _a65გვ. : ილ. ; 17სმ | ||
| 653 | _aმოთხრობა | ||
| 653 | _aწამებაი წმიდისა შუშანიკისი დედოფლისაი | ||
| 942 | _cBK | ||
| 999 |
_c48771 _d48771 |
||